000 00469nam a22001697a 4500
003 OSt
005 20260427005556.0
008 260427b |||||||| |||| 00| 0 eng d
040 _aDWCL - Main lib
_cOC
082 _aFic. G135 1950
100 _aGallagher, Louis J.
245 _aEpisode on beacon hill/
_cLouis J. Gallagher
260 _aNew York :
_bBenziger Brothers,
_cc1950.
300 _a318 p. :
_c20 cm.
650 _a1. Fiction
942 _2ddc
_cFIC.
_mFiction
_n0
999 _c9894
_d9894